00856nam a2200205 i 450000100060000000300090000600500170001500700030003200800410003510000450007624502110012126000370033230000410036970000250041070000220043570000220045785200320047999900170051195201220052855650ES-MaACL20230906163204.0t|030924s1964 sp ||||1| spa d1 aDesroches-Noblecourt, Christiane.94393710aVida y muerte de un faraón b: Tutankhamon / cChristiane Desroches-Noblecourt ; fotografías por F.L. Kenett ; epígrafes de A. Choukry ; prólogo representante de la RAU ; [traducción de Ana Cela]. a[Barcelona] : bNoguer, c[1964] a312 p., 28 lám. : bil. ; c26 cm.1 aKenett, F. L.9678311 aChokry, A.9385981 aCela, Ana.937335 aES-MaACLjC-25235 bR.54146 c55650d55650 00104070aATENEOMbATENEOMcDEPO2d2008-01-17eSCl0oC-25235p1058463r2023-02-23 00:00:00w2023-02-23yMONOGRAFIA